000 00693nam a2200193Ia 4500
003 GCL
008 140319s9999 xx 000 0 ara d
040 _aGCL /
_cGCL
082 0 4 _aد
_b050
_bا س
245 1 0 _aالسياسة الدولية( 164 ابريل 2006)
260 _aالقاهرة :
_bمؤسسة الاهرام ،
_c2006
650 0 4 _aالنفط العربى
650 0 4 _aفلسطين - الاحوال السياسية
650 0 4 _aروسيا - علاقات خارجية
650 0 4 _aالصين - الاحوال الاقتصادية
650 0 4 _aالاتحاد الاوروبى - السياسة الخارجية
650 0 4 _aاحتلال العراق
942 _2ddc
_cCR
999 _c57133
_d57133